Historia de los conceptos y filosofía política
Uloženo v:
| Hlavní autoři: | , |
|---|---|
| Médium: | Kniha |
| Jazyk: | španělština |
| Vydáno: |
Madrid
Biblioteca Nueva
2009
|
| Vydání: | 1a. ed |
| Edice: | Biblioteca Saavedra Fajardo de Pensamiento Político, 13
|
| Témata: | |
| Tagy: |
Přidat tag
Žádné tagy, Buďte první, kdo vytvoří štítek k tomuto záznamu!
|
MARC
| LEADER | 00000cam a2200000 a 4500 | ||
|---|---|---|---|
| 001 | UCD8649 | ||
| 003 | CL-VaPUC | ||
| 008 | 170519e20090000sp |||||||||||||||||spa|d | ||
| 020 | |a 9788497429320 | ||
| 082 | 0 | 4 | |a 320.01 |b CHI |2 21 |
| 100 | 0 | |a Chignola, Sandro |e author |9 592163 | |
| 700 | 0 | |a Duso, Giuseppe |e author |9 592164 | |
| 245 | 1 | 0 | |a Historia de los conceptos y filosofía política |
| 250 | |a 1a. ed | ||
| 300 | |a 375 p | ||
| 942 | |c BK | ||
| 945 | |d 20170519 15:42:00 |a dcastane | ||
| 260 | |a Madrid |b Biblioteca Nueva |c 2009 | ||
| 650 | 7 | |a FILOSOFIA POLITICA |2 CL-VaPUC |9 592165 | |
| 650 | 0 | |a Ideologías políticas |9 255735 | |
| 583 | |a last modification |c 20170519 15:42:00 |k Rodrigo Vera | ||
| 490 | 0 | |a Biblioteca Saavedra Fajardo de Pensamiento Político, 13 | |
| 999 | |c 368003 |d 368001 | ||
| 952 | |0 0 |1 0 |3 erb |4 0 |6 320_010000000000000_CHI_2009 |7 0 |8 A |9 483248 |a BIBEDU |b BIBEDU |i 5377307 |l 2 |o 320.01 CHI 2009 |p 5377307 |r 2022-04-27 |s 2022-04-27 |w 2019-11-24 |y BK |z Catalogado en:20170519 |k FIL | ||